[Event "Internationaal Jeugdtoernooi Limburg 2"]
[Site "Stein"]
[Date "1996.07.11"]
[Round "2"]
[White "Mellegers, Joost"]
[Black "Dambacher, Martijn"]
[Result "0-1"]
[WhiteElo "2088"]
[BlackElo "2196"]
[PlyCount "86"]
[EventDate "1996.07.11"]
[EventType "swiss"]
[EventRounds "7"]
[EventCountry "NED"]
[Source "P.Boonen"]
[SourceDate "2010.01.01"]

1. e4 c5 2. Nc3 e6 3. Nf3 Nc6 4. d4 cxd4 5. Nxd4 d6 6. Be3 Nf6 7. Bc4 Be7 8.
Qe2 O-O 9. O-O-O a6 10. Bb3 Qc7 11. g4 Nd7 12. g5 Nc5 13. f4 Re8 14. h4 b5 15.
Kb1 Bd7 16. g6 fxg6 17. Nxc6 Qxc6 18. Bxc5 dxc5 19. a3 c4 20. Ba2 a5 21. a4
bxa4 22. Qxc4 Bb4 23. Ne2 Qxc4 24. Bxc4 Bc6 25. Ng3 Rac8 26. Bd3 a3 27. b3 a4
28. h5 gxh5 29. Nxh5 Bc3 30. Ka2 g6 31. Rhg1 axb3+ 32. cxb3 Kf7 33. Ng3 Rcd8
34. Rg2 Bb5 35. Bc2 Rxd1 36. Bxd1 Rd8 37. Bf3 Rd3 38. Be2 Rd2+ 39. Kxa3 h5 40.
f5 h4 41. fxg6+ Kg8 42. Bg4 Rxg2 43. Bxe6+ Kf8 0-1

[Event "Internationaal Jeugdtoernooi Limburg 2"]
[Site "Stein"]
[Date "1996.07.11"]
[Round "2"]
[White "Middelburg, Tom"]
[Black "Balcerak, Jakob"]
[Result "0-1"]
[WhiteElo "2024"]
[BlackElo "2175"]
[PlyCount "80"]
[EventDate "1996.07.11"]
[EventType "swiss"]
[EventRounds "7"]
[EventCountry "NED"]
[Source "P.Boonen"]
[SourceDate "2010.01.01"]

1. e4 c5 2. Nf3 d6 3. d4 cxd4 4. Nxd4 Nf6 5. Nc3 a6 6. Bc4 e6 7. Bb3 b5 8. O-O
Be7 9. Qf3 Qb6 10. Be3 Qb7 11. Qg3 Nbd7 12. f3 O-O 13. a4 b4 14. Nce2 Nc5 15.
Rfd1 Nxb3 16. Nxb3 e5 17. Qf2 Be6 18. Na5 Qc8 19. c4 Rb8 20. Ba7 Ra8 21. Be3
Qd7 22. Nc1 Rfc8 23. Nd3 Qe8 24. Nxb4 Bxc4 25. b3 Be6 26. Nd5 Bxd5 27. exd5
Rab8 28. Rab1 Rc3 29. Qd2 Nxd5 30. Qxd5 Rxe3 31. Nc6 Rb6 32. Rdc1 Bg5 33. Na7
Rb8 34. Qxd6 Re2 35. Nc6 Bxc1 36. Nxb8 Re1+ 37. Kf2 Ba3 38. Qxa3 Rxb1 39. Nxa6
Qd8 40. Qb4 Rb2+ 0-1

[Event "Internationaal Jeugdtoernooi Limburg 2"]
[Site "Stein"]
[Date "1996.07.11"]
[Round "2"]
[White "Peek, Maurice"]
[Black "Kozlowski, Thierry"]
[Result "1-0"]
[WhiteElo "2189"]
[BlackElo "2145"]
[PlyCount "61"]
[EventDate "1996.07.11"]
[EventType "swiss"]
[EventRounds "7"]
[EventCountry "NED"]
[Source "P.Boonen"]
[SourceDate "2010.01.01"]

1. d4 Nf6 2. c4 g6 3. Nc3 Bg7 4. e4 d6 5. Nf3 O-O 6. h3 e5 7. d5 c6 8. Be3 cxd5
9. cxd5 Ne8 10. Bc4 h6 11. Qd2 Kh7 12. Nh2 f5 13. exf5 gxf5 14. g4 f4 15. Qd3+
Kg8 16. Bd2 Nd7 17. Ne4 Nef6 18. Bb4 Nxe4 19. Qxe4 Nf6 20. Qg6 b5 21. Bd3 e4
22. Bc2 Bd7 23. g5 Be8 24. Qf5 hxg5 25. Rg1 Qe7 26. Qxg5 e3 27. f3 Rf7 28. Bg6
Nxd5 29. Bxf7+ Qxf7 30. Bxd6 Bd7 31. Be5 1-0

[Event "Internationaal Jeugdtoernooi Limburg 2"]
[Site "Stein"]
[Date "1996.07.11"]
[Round "2"]
[White "Schilperoort, Jeroen"]
[Black "Van Wissen, Michiel"]
[Result "0-1"]
[WhiteElo "1596"]
[BlackElo "2138"]
[PlyCount "74"]
[EventDate "1996.07.11"]
[EventType "swiss"]
[EventRounds "7"]
[EventCountry "NED"]
[Source "P.Boonen"]
[SourceDate "2010.01.01"]

1. e4 d6 2. d4 g6 3. c4 Bg7 4. Nc3 Nc6 5. Be3 e5 6. d5 Nce7 7. Bd3 f5 8. f3 Nf6
9. Nge2 O-O 10. Qd2 f4 11. Bf2 g5 12. O-O-O c5 13. dxc6 bxc6 14. Bc2 Be6 15.
Bb3 Ne8 16. Bc5 Nc8 17. Bf2 Qa5 18. Qd3 Rf7 19. h4 gxh4 20. Rxh4 Nb6 21. Nb1
Nd7 22. Qc3 Qa6 23. Qd3 Rc8 24. g3 Bf6 25. Rhh1 d5 26. c5 Qxd3 27. Rxd3 fxg3
28. Nxg3 Nc7 29. Rhd1 Be7 30. Rc3 d4 31. Bxe6 Nxe6 32. Nf5 Bg5+ 33. Kc2 dxc3
34. Nd6 Rcf8 35. Nxf7 Rxf7 36. Nxc3 Rxf3 37. Bg1 Ndxc5 0-1

[Event "Internationaal Jeugdtoernooi Limburg 2"]
[Site "Stein"]
[Date "1996.07.11"]
[Round "2"]
[White "Schreiber, Christophe"]
[Black "Van Gemen, Felix"]
[Result "1-0"]
[WhiteElo "1950"]
[BlackElo "1658"]
[PlyCount "83"]
[EventDate "1996.07.11"]
[EventType "swiss"]
[EventRounds "7"]
[EventCountry "NED"]
[Source "P.Boonen"]
[SourceDate "2010.01.01"]

1. c4 c5 2. g3 g6 3. Bg2 Bg7 4. Nc3 Nc6 5. Nf3 Nf6 6. O-O O-O 7. d4 cxd4 8.
Nxd4 Nxd4 9. Qxd4 d6 10. Bg5 Qa5 11. Qd2 Re8 12. Rac1 Rb8 13. b3 Bd7 14. Rfd1
Bc6 15. e4 Nd7 16. Nd5 Qxd2 17. Rxd2 Kf8 18. f3 h6 19. Be3 b6 20. Kf2 g5 21.
Bh3 Nf6 22. Nc7 Red8 23. Na6 Ra8 24. Rd3 g4 25. Bxg4 Nxg4+ 26. fxg4 Bxe4 27.
Rd2 Rac8 28. Nb4 d5 29. Nxd5 Bxd5 30. Rxd5 Rxd5 31. cxd5 Rd8 32. Rc7 Ra8 33.
Rc6 f6 34. Kf3 Rd8 35. Ke4 Rd6 36. Rxd6 exd6 37. Kf5 Kf7 38. Bf4 Bf8 39. a4 a6
40. h3 b5 41. axb5 axb5 42. h4 1-0

[Event "Internationaal Jeugdtoernooi Limburg 2"]
[Site "Stein"]
[Date "1996.07.11"]
[Round "2"]
[White "Solakian, Jerome"]
[Black "Heinen, Igor"]
[Result "1-0"]
[WhiteElo "2215"]
[BlackElo "1795"]
[PlyCount "62"]
[EventDate "1996.07.11"]
[EventType "swiss"]
[EventRounds "7"]
[EventCountry "NED"]
[Source "P.Boonen"]
[SourceDate "2010.01.01"]

1. Nc3 d5 2. e4 d4 3. Nce2 Nc6 4. f4 e5 5. Nf3 Bd6 6. d3 Bg4 7. fxe5 Bxe5 8.
Nxe5 Nxe5 9. Bf4 Qe7 10. Qd2 O-O-O 11. h3 Bxe2 12. Bxe2 Ng6 13. Bg3 h5 14. O-O
h4 15. Bh2 Nh6 16. Bh5 Nf8 17. Rf2 g6 18. Be2 Ne6 19. Be5 g5 20. Bxh8 Rxh8 21.
Raf1 Nf4 22. Rxf4 gxf4 23. Qxf4 f5 24. Bf3 fxe4 25. Bxe4 Kb8 26. Qf3 c6 27.
Qf4+ Kc8 28. Kh1 c5 29. Re1 Qg7 30. Bd5 Rf8 31. Be6+ Kd8 1-0

[Event "Internationaal Jeugdtoernooi Limburg 2"]
[Site "Stein"]
[Date "1996.07.11"]
[Round "2"]
[White "Spaapen, Robbert"]
[Black "Conaert, Ronny"]
[Result "0-1"]
[WhiteElo "1658"]
[BlackElo "1810"]
[PlyCount "98"]
[EventDate "1996.07.11"]
[EventType "swiss"]
[EventRounds "7"]
[EventCountry "NED"]
[Source "P.Boonen"]
[SourceDate "2010.01.01"]

1. e4 c5 2. Nf3 Nc6 3. d4 cxd4 4. Nxd4 e5 5. Nb5 d6 6. Bc4 Nf6 7. N5c3 Be7 8.
O-O O-O 9. h3 a6 10. Re1 b5 11. Bb3 Bb7 12. Nd5 Rc8 13. f4 Nd7 14. f5 Bh4 15.
Rf1 Nf6 16. Nxf6+ Qxf6 17. Qg4 Nd4 18. c3 Nxb3 19. axb3 d5 20. Kh2 h6 21. exd5
Bxd5 22. Rxa6 Qxa6 23. Qxh4 Qf6 24. Qb4 Qc6 25. Qg4 Qf6 26. Qb4 Bc6 27. Na3 Rb8
28. Nc2 Rfd8 29. Ne3 Rd3 30. Ng4 Qd8 31. Nxe5 Qd5 32. Nf3 Re8 33. Qg4 Re4 34.
Qg3 Kf8 35. f6 g5 36. Qc7 Qd6+ 37. Qxd6+ Rxd6 38. Nd4 Bd7 39. Kg1 Kg8 40. Kh2
Kh7 41. g4 Kg6 42. Rd1 Rxf6 43. c4 Rd6 44. Nxb5 Rxd1 45. Nc3 Rxc1 46. Nxe4 Rc2+
47. Kg1 Rxb2 48. Kf1 Rxb3 49. Nc5 Rb1+ 0-1

[Event "Internationaal Jeugdtoernooi Limburg 2"]
[Site "Stein"]
[Date "1996.07.11"]
[Round "2"]
[White "Van Haastert, Edwin"]
[Black "Chamaillard, Sylvain"]
[Result "1-0"]
[WhiteElo "2280"]
[BlackElo "2100"]
[PlyCount "69"]
[EventDate "1996.07.11"]
[EventType "swiss"]
[EventRounds "7"]
[EventCountry "NED"]
[Source "P.Boonen"]
[SourceDate "2010.01.01"]

1. e4 c5 2. Nf3 e6 3. c3 d5 4. e5 d4 5. Bd3 Nc6 6. O-O Nge7 7. Re1 Ng6 8. g3
Qc7 9. Qe2 b6 10. h4 Bb7 11. h5 Nge7 12. Na3 a6 13. Nc4 Nd5 14. a4 Be7 15. Be4
Rd8 16. d3 dxc3 17. Bg5 Nd4 18. Nxd4 cxd4 19. Bxe7 Kxe7 20. Nd6 f5 21. Bg2 Bc6
22. bxc3 Nxc3 23. Qd2 h6 24. Bxc6 Qxc6 25. Qf4 Rhf8 26. Qh4+ Kd7 27. Qxd4 Ke7
28. Qb4 Qc5 29. Qh4+ Kd7 30. Nb7 Qd5 31. Nxd8 Rxd8 32. Qb4 Qxd3 33. Re3 Ne2+
34. Kf1 Qd4 35. Qe1 1-0

[Event "Internationaal Jeugdtoernooi Limburg 2"]
[Site "Stein"]
[Date "1996.07.11"]
[Round "2"]
[White "Van Prooijen, Jan Willem"]
[Black "Holtackers, Daan"]
[Result "0-1"]
[WhiteElo "2065"]
[BlackElo "1787"]
[PlyCount "102"]
[EventDate "1996.07.11"]
[EventType "swiss"]
[EventRounds "7"]
[EventCountry "NED"]
[Source "P.Boonen"]
[SourceDate "2010.01.01"]

1. e4 c5 2. Nf3 e6 3. d4 cxd4 4. Nxd4 Nf6 5. Nc3 d6 6. Be3 Be7 7. f4 Nbd7 8.
Qf3 a6 9. O-O-O Qc7 10. g4 Nc5 11. g5 Nfd7 12. Qh3 g6 13. Bg2 Rb8 14. f5 Ne5
15. Kb1 b5 16. fxg6 fxg6 17. Rhf1 b4 18. Nce2 a5 19. Bc1 Nc4 20. Nb3 a4 21.
Nxc5 Qxc5 22. b3 Na3+ 23. Bxa3 bxa3 24. Qc3 Qxc3 25. Nxc3 axb3 26. cxb3 Bxg5
27. Rxd6 Rf8 28. Rxf8+ Kxf8 29. Bf1 Ke7 30. Rc6 Bf6 31. Nb5 Bb7 32. Rc7+ Kd8
33. Bd3 Bxe4 34. Bxe4 Rxb5 35. Rxh7 Rg5 36. Ra7 Bb2 37. b4 Rg4 38. Bb7 Rxb4 39.
Kc2 Rh4 40. Ba6 Rxh2+ 41. Kd3 Rh4 42. Bb5 g5 43. Ke2 Rh3 44. Bc4 g4 45. Bxe6
Rh2+ 46. Kf1 g3 47. Bd5 Rf2+ 48. Ke1 Bc3+ 49. Kd1 Rd2+ 50. Kc1 Rxd5 51. Rxa3
Rg5 0-1

[Event "Internationaal Jeugdtoernooi Limburg 2"]
[Site "Stein"]
[Date "1996.07.11"]
[Round "2"]
[White "Van der Zwet, Bart"]
[Black "Backhuis, Roel"]
[Result "1-0"]
[WhiteElo "1848"]
[BlackElo "1444"]
[PlyCount "55"]
[EventDate "1996.07.11"]
[EventType "swiss"]
[EventRounds "7"]
[EventCountry "NED"]
[Source "P.Boonen"]
[SourceDate "2010.01.01"]

1. e4 c5 2. Nf3 Nc6 3. d4 cxd4 4. Nxd4 e6 5. Be2 Nf6 6. Bf3 Bc5 7. Nb3 h6 8.
Nxc5 Qa5+ 9. Nc3 Qxc5 10. Be3 Qe7 11. O-O O-O 12. Qe2 Ne5 13. Rad1 b6 14. Bf4
Nxf3+ 15. Qxf3 Bb7 16. Bd6 Qd8 17. Bxf8 Qxf8 18. Rfe1 Qb4 19. Rb1 Rc8 20. a3
Qe7 21. Qd3 d6 22. Rbd1 Ne8 23. f4 Rd8 24. f5 exf5 25. exf5 Qg5 26. Re2 Nc7 27.
Rf2 a5 28. Qd4 1-0

[Event "Internationaal Jeugdtoernooi Limburg 2"]
[Site "Stein"]
[Date "1996.07.12"]
[Round "3"]
[White "Backhuis, Roel"]
[Black "Van Gils, Philip"]
[Result "0-1"]
[WhiteElo "1444"]
[BlackElo "1638"]
[PlyCount "104"]
[EventDate "1996.07.11"]
[EventType "swiss"]
[EventRounds "7"]
[EventCountry "NED"]
[Source "P.Boonen"]
[SourceDate "2010.01.01"]

1. d4 Nf6 2. c4 e6 3. Nc3 Bb4 4. Qc2 Bxc3+ 5. Qxc3 d5 6. Bg5 Nbd7 7. Rc1 c6 8.
e3 dxc4 9. Bxc4 Nb6 10. Bb3 Nbd5 11. Qd2 Ne4 12. Bxd8 Nxd2 13. Kxd2 Kxd8 14.
Nf3 Ke7 15. Rhd1 Rd8 16. Ke1 f6 17. Kf1 Bd7 18. Nd2 Be8 19. Ne4 Bg6 20. Nc5 b6
21. Nd3 Rac8 22. Bxd5 cxd5 23. Nb4 Kd6 24. Ke2 a5 25. Nd3 e5 26. b3 Be8 27. Nb2
Bb5+ 28. Kd2 Re8 29. Rxc8 Rxc8 30. Rc1 Rxc1 31. Kxc1 Bf1 32. g3 e4 33. Na4 Kc6
34. Kc2 h5 35. Kd2 g6 36. Kc3 Bb5 37. Nb2 Kd6 38. Kd2 Ke6 39. Nd1 Kf5 40. Ke1
Kg4 41. Nc3 Bc6 42. Kf1 b5 43. Ne2 g5 44. Ng1 b4 45. Ke1 Bb5 46. Kd2 Kf5 47.
Ne2 Bxe2 48. Kxe2 Kg4 49. Kf1 Kf3 50. h3 f5 51. g4 fxg4 52. hxg4 Kxg4 0-1

[Event "Internationaal Jeugdtoernooi Limburg 2"]
[Site "Stein"]
[Date "1996.07.12"]
[Round "3"]
[White "Balcerak, Jakob"]
[Black "Van Haastert, Edwin"]
[Result "1-0"]
[WhiteElo "2175"]
[BlackElo "2280"]
[PlyCount "61"]
[EventDate "1996.07.11"]
[EventType "swiss"]
[EventRounds "7"]
[EventCountry "NED"]
[Source "P.Boonen"]
[SourceDate "2010.01.01"]

1. e4 c5 2. Nf3 d6 3. d4 cxd4 4. Nxd4 Nf6 5. Nc3 g6 6. Be3 Bg7 7. f3 O-O 8. Qd2
Nc6 9. g4 Be6 10. Nxe6 fxe6 11. Bc4 d5 12. exd5 Ne5 13. Be2 Nxd5 14. Nxd5 exd5
15. O-O-O e6 16. f4 Nc6 17. c3 Qa5 18. Kb1 b5 19. Bc5 Rfd8 20. f5 exf5 21. gxf5
Rab8 22. fxg6 hxg6 23. Rhg1 b4 24. Rxg6 Qxc5 25. Qh6 Rb7 26. Bg4 Rd6 27. Re1
Ne5 28. Rxe5 Kf8 29. Rf5+ Ke8 30. Re6+ Rxe6 31. Qxe6+ 1-0

[Event "Internationaal Jeugdtoernooi Limburg 2"]
[Site "Stein"]
[Date "1996.07.12"]
[Round "3"]
[White "Chamaillard, Sylvain"]
[Black "Mellegers, Joost"]
[Result "1/2-1/2"]
[WhiteElo "2100"]
[BlackElo "2088"]
[PlyCount "84"]
[EventDate "1996.07.11"]
[EventType "swiss"]
[EventRounds "7"]
[EventCountry "NED"]
[Source "P.Boonen"]
[SourceDate "2010.01.01"]

1. e4 c5 2. Nf3 Nc6 3. c4 e5 4. Nc3 g6 5. d3 Bg7 6. Be2 Nge7 7. Bg5 O-O 8. Nd5
f6 9. Be3 d6 10. Qd2 Nd4 11. h4 Be6 12. h5 g5 13. Bxd4 cxd4 14. Nh2 h6 15. Bg4
Bxg4 16. Nxe7+ Qxe7 17. Nxg4 f5 18. exf5 Rxf5 19. f3 d5 20. cxd5 Qd7 21. O-O
Qxd5 22. Rfc1 Raf8 23. Rc7 R5f7 24. Qc2 Kh7 25. Rxf7 Qxf7 26. Qc4 Qxh5 27. Re1
Qe8 28. Qd5 Qc6 29. Qxc6 bxc6 30. Rc1 h5 31. Nf2 Rb8 32. Rxc6 Rb6 33. Rxb6 axb6
34. Ne4 Kg6 35. g4 h4 36. b4 Bf8 37. b5 Be7 38. a4 Bd8 39. Kg2 Kf7 40. Kf2 Ke6
41. Ke2 Kd5 42. Ke1 Be7 1/2-1/2

[Event "Internationaal Jeugdtoernooi Limburg 2"]
[Site "Stein"]
[Date "1996.07.12"]
[Round "3"]
[White "Conaert, Ronny"]
[Black "Kipper, Jens"]
[Result "0-1"]
[WhiteElo "1810"]
[BlackElo "2145"]
[PlyCount "118"]
[EventDate "1996.07.11"]
[EventType "swiss"]
[EventRounds "7"]
[EventCountry "NED"]
[Source "P.Boonen"]
[SourceDate "2010.01.01"]

1. e4 e6 2. d4 d5 3. exd5 exd5 4. Bd3 Nc6 5. c3 Bd6 6. Nf3 Bg4 7. Nbd2 Nge7 8.
Qc2 Qd7 9. O-O f6 10. Re1 O-O-O 11. b4 Rde8 12. a4 g5 13. a5 Ng6 14. h3 Rxe1+
15. Nxe1 Be6 16. b5 Nce7 17. b6 a6 18. bxc7 Nf4 19. Bf1 Qxc7 20. Ba3 Nf5 21.
Bxd6 Nxd6 22. Nd3 Bf5 23. g3 Nxh3+ 24. Bxh3 Bxh3 25. Nc5 Bd7 26. Re1 Bc6 27.
Re6 Rf8 28. Ndb3 Rf7 29. Qe2 Bb5 30. Qg4 Kb8 31. Qh5 Nc8 32. Qh6 Qd8 33. Qh5
Re7 34. Qf3 Rxe6 35. Nxe6 Qe7 36. Nbc5 Bc6 37. Qd1 Nd6 38. Qb3 Nb5 39. Qb4 Ka8
40. Kg2 h5 41. Qb2 Bd7 42. Nc7+ Kb8 43. Nxd5 Bc6 44. c4 Nc7 45. f3 Bxd5 46.
cxd5 Nxd5 47. Nxa6+ Ka8 48. Nc5 Ne3+ 49. Kg1 Qc7 50. Qf2 Nf5 51. Ne6 Qxa5 52.
Kg2 Kb8 53. Nf8 Qd8 54. Ne6 Qd6 55. d5 Qxd5 56. Qb6 g4 57. Qc7+ Ka7 58. Qc5+
Qxc5 59. Nxc5 b5 0-1

[Event "Internationaal Jeugdtoernooi Limburg 2"]
[Site "Stein"]
[Date "1996.07.12"]
[Round "3"]
[White "Dambacher, Martijn"]
[Black "Buch, Thomas"]
[Result "1-0"]
[WhiteElo "2196"]
[BlackElo "2015"]
[PlyCount "55"]
[EventDate "1996.07.11"]
[EventType "swiss"]
[EventRounds "7"]
[EventCountry "NED"]
[Source "P.Boonen"]
[SourceDate "2010.01.01"]

1. e4 Nf6 2. Nc3 d5 3. e5 Nfd7 4. d4 e6 5. f4 c5 6. Nf3 Nc6 7. Be3 cxd4 8. Nxd4
Bb4 9. a3 Bxc3+ 10. bxc3 a6 11. Bd3 Qa5 12. O-O Qxc3 13. Nf3 Ne7 14. Bd4 Qc7
15. Ng5 Nc6 16. c3 Nxd4 17. cxd4 Qc3 18. Kh1 h6 19. Qh5 O-O 20. Rad1 Qxa3 21.
Nh7 Rd8 22. Qh4 Re8 23. Nf6+ Nxf6 24. exf6 Qf8 25. Rf3 g6 26. Rg3 Kh7 27. Qh5
Rd8 28. Rxg6 1-0

[Event "Internationaal Jeugdtoernooi Limburg 2"]
[Site "Stein"]
[Date "1996.07.12"]
[Round "3"]
[White "Heinen, Igor"]
[Black "Spaapen, Robbert"]
[Result "1-0"]
[WhiteElo "1795"]
[BlackElo "1658"]
[PlyCount "70"]
[EventDate "1996.07.11"]
[EventType "swiss"]
[EventRounds "7"]
[EventCountry "NED"]
[Source "P.Boonen"]
[SourceDate "2010.01.01"]

1. d4 Nf6 2. c4 c5 3. d5 b5 4. a4 b4 5. b3 g6 6. Bb2 Bg7 7. e4 d6 8. Nd2 O-O 9.
Qc2 Nbd7 10. Be2 Ne8 11. O-O-O Ne5 12. f4 Ng4 13. Bxg4 Bxg4 14. Rf1 Nf6 15. f5
Nh5 16. Bxg7 Kxg7 17. Qd3 e5 18. h3 Qh4 19. hxg4 Qxh1 20. gxh5 Qxh5 21. f6+ Kg8
22. Nh3 Rfd8 23. Qe3 Kf8 24. Rh1 Qh4 25. Qf3 h5 26. g3 Qg4 27. Qxg4 hxg4 28.
Ng5 Ke8 29. Rh7 Kd7 30. Rxf7+ Kc8 31. Ne6 Rg8 32. Rc7+ Kb8 33. f7 Rh8 34. Re7
a5 35. Re8+ Kb7 1-0

[Event "Internationaal Jeugdtoernooi Limburg 2"]
[Site "Stein"]
[Date "1996.07.12"]
[Round "3"]
[White "Holtackers, Daan"]
[Black "Aubel, Jochem"]
[Result "0-1"]
[WhiteElo "1787"]
[BlackElo "2173"]
[PlyCount "40"]
[EventDate "1996.07.11"]
[EventType "swiss"]
[EventRounds "7"]
[EventCountry "NED"]
[Source "P.Boonen"]
[SourceDate "2010.01.01"]

1. e4 d6 2. d4 Nf6 3. Nc3 g6 4. f4 Bg7 5. Nf3 O-O 6. Bc4 Nxe4 7. Nxe4 d5 8.
Bxd5 Qxd5 9. Ng3 Bg4 10. c3 c5 11. dxc5 Qxc5 12. Qe2 Bxc3+ 13. bxc3 Qxc3+ 14.
Qd2 Qxa1 15. O-O Bxf3 16. Ba3 Qf6 17. Rxf3 Qb6+ 18. Kh1 Rd8 19. Qc3 Nc6 20. Bb2
Qd4 0-1

[Event "Internationaal Jeugdtoernooi Limburg 2"]
[Site "Stein"]
[Date "1996.07.12"]
[Round "3"]
[White "Kuipers, Eelco"]
[Black "Balcerak, Magdalena"]
[Result "1-0"]
[WhiteElo "2253"]
[BlackElo "1680"]
[PlyCount "87"]
[EventDate "1996.07.11"]
[EventType "swiss"]
[EventRounds "7"]
[EventCountry "NED"]
[Source "P.Boonen"]
[SourceDate "2010.01.01"]

1. e4 c5 2. a3 Nc6 3. b4 Nf6 4. b5 Na5 5. e5 Nd5 6. Nf3 d6 7. Bb2 Bg4 8. h3
Bxf3 9. Qxf3 dxe5 10. Bxe5 e6 11. Qg3 Rc8 12. Be2 Nf6 13. O-O Ne4 14. Qf4 Nd6
15. Bc3 b6 16. a4 Nf5 17. Bxa5 bxa5 18. Bd3 Bd6 19. Qe4 Qf6 20. Na3 O-O 21. Nc4
Bc7 22. g4 Qg6 23. Qg2 Nh4 24. Bxg6 Nxg2 25. Bxh7+ Kxh7 26. Kxg2 Rcd8 27. Rae1
Rd4 28. d3 Re8 29. Re2 e5 30. Rfe1 f6 31. Re4 Rxe4 32. Rxe4 Rf8 33. Nd2 Rd8 34.
Rc4 Bb6 35. Nb3 Rc8 36. c3 Rc7 37. d4 exd4 38. cxd4 cxd4 39. Rxc7 Bxc7 40. Nxd4
g5 41. Nc6 Bb6 42. Kf3 Kg6 43. Ke4 Bxf2 44. Nxa5 1-0

[Event "Internationaal Jeugdtoernooi Limburg 2"]
[Site "Stein"]
[Date "1996.07.12"]
[Round "3"]
[White "Roobol, Martin"]
[Black "Peek, Maurice"]
[Result "1/2-1/2"]
[WhiteElo "2305"]
[BlackElo "2189"]
[PlyCount "102"]
[EventDate "1996.07.11"]
[EventType "swiss"]
[EventRounds "7"]
[EventCountry "NED"]
[Source "P.Boonen"]
[SourceDate "2010.01.01"]

1. d4 Nf6 2. c4 e6 3. Nc3 Bb4 4. e3 c5 5. a3 Bxc3+ 6. bxc3 O-O 7. Bd3 Nc6 8.
Ne2 e5 9. e4 cxd4 10. cxd4 exd4 11. O-O Re8 12. f3 d6 13. Bg5 Ne5 14. Nxd4 Qb6
15. Be2 Nfd7 16. Be3 Nc5 17. Rb1 Qa5 18. Nb5 Rd8 19. f4 Nc6 20. Qc2 Qa4 21.
Qxa4 Nxa4 22. Nc7 Rb8 23. Nd5 Be6 24. Rfc1 Nc5 25. f5 Bd7 26. Bf3 Ne5 27. Rc2
Ba4 28. Rc3 Bc6 29. Bd4 Kf8 30. Kf2 Rdc8 31. Rd1 Ba4 32. Rb1 f6 33. Nf4 Bd7 34.
Rd1 Na4 35. Rcc1 Nc5 36. Rc3 Rc7 37. Be3 Ke7 38. Nd5+ Kd8 39. Nxc7 Kxc7 40.
Bxc5 dxc5 41. Rd2 Nc6 42. Rd5 b6 43. Rd2 Be8 44. g4 Bf7 45. h4 Nd4 46. Rd1 Kd6
47. Rg1 Ke5 48. Ke3 Rd8 49. g5 Nxf3 50. Kxf3 Bh5+ 51. Ke3 Rd4 1/2-1/2

[Event "Internationaal Jeugdtoernooi Limburg 2"]
[Site "Stein"]
[Date "1996.07.12"]
[Round "3"]
[White "Schreiber, Christophe"]
[Black "Abeln, Michiel"]
[Result "0-1"]
[WhiteElo "1950"]
[BlackElo "2120"]
[PlyCount "70"]
[EventDate "1996.07.11"]
[EventType "swiss"]
[EventRounds "7"]
[EventCountry "NED"]
[Source "P.Boonen"]
[SourceDate "2010.01.01"]

1. e4 c5 2. Nc3 Nc6 3. g3 g6 4. Bg2 Bg7 5. d3 d6 6. Be3 Rb8 7. Qd2 b5 8. Nge2
b4 9. Nd1 e5 10. O-O Nge7 11. Bh6 O-O 12. Bxg7 Kxg7 13. Ne3 a5 14. f4 f6 15. c3
Ba6 16. c4 Bc8 17. Rf2 Bd7 18. Raf1 Qc8 19. Kh1 Qa6 20. Ng1 Nd4 21. Ne2 Rbe8
22. Nxd4 exd4 23. Nd5 Nxd5 24. exd5 Qc8 25. Re1 Bg4 26. Bf3 Rxe1+ 27. Qxe1 Re8
28. Qd2 Re3 29. Be4 Qe8 30. Kg1 f5 31. Bg2 Re1+ 32. Rf1 Qe3+ 33. Qf2 Qxf2+ 34.
Kxf2 Re2+ 35. Kg1 Rxb2 0-1

[Event "Internationaal Jeugdtoernooi Limburg 2"]
[Site "Stein"]
[Date "1996.07.12"]
[Round "3"]
[White "Snoeck, Rene"]
[Black "Kerstens, Dennis"]
[Result "0-1"]
[WhiteElo "1553"]
[BlackElo "2125"]
[PlyCount "38"]
[EventDate "1996.07.11"]
[EventType "swiss"]
[EventRounds "7"]
[EventCountry "NED"]
[Source "P.Boonen"]
[SourceDate "2010.01.01"]

1. d4 Nf6 2. c4 c5 3. d5 b5 4. cxb5 a6 5. b6 e6 6. Nc3 Bb7 7. e4 exd5 8. e5 Qe7
9. Qe2 Ne4 10. f4 d6 11. Nf3 Nd7 12. Nxe4 dxe4 13. Nd2 d5 14. b3 g5 15. Bb2
gxf4 16. Qg4 Nxe5 17. Qxf4 Bg7 18. O-O-O Qf6 19. Qg3 Nd3+ 0-1

[Event "Internationaal Jeugdtoernooi Limburg 2"]
[Site "Stein"]
[Date "1996.07.12"]
[Round "3"]
[White "Van Elmpt, Wouter"]
[Black "Schilperoort, Jeroen"]
[Result "0-1"]
[WhiteElo "1527"]
[BlackElo "1596"]
[PlyCount "60"]
[EventDate "1996.07.11"]
[EventType "swiss"]
[EventRounds "7"]
[EventCountry "NED"]
[Source "P.Boonen"]
[SourceDate "2010.01.01"]

1. e4 e5 2. Nf3 Nc6 3. d4 exd4 4. Nxd4 Bc5 5. Be3 Qf6 6. c3 Nge7 7. Nd2 Nxd4 8.
e5 Qxe5 9. Nc4 Qd5 10. Bxd4 Bxd4 11. Qxd4 Qxd4 12. cxd4 d5 13. Ne3 O-O 14. Be2
c6 15. O-O Nf5 16. Nc2 Re8 17. Rfe1 Nd6 18. Bf3 Bf5 19. Ne3 Bg6 20. Re2 Re7 21.
Rae1 Rae8 22. Kf1 Bd3 23. Bg4 f5 24. Rd1 Bxe2+ 25. Bxe2 f4 26. Bh5 fxe3 27.
fxe3 g6 28. Bf3 Nc4 29. Kf2 Nxe3 30. b3 Nxd1+ 0-1

[Event "Internationaal Jeugdtoernooi Limburg 2"]
[Site "Stein"]
[Date "1996.07.12"]
[Round "3"]
[White "Van Gemen, Felix"]
[Black "Van Prooijen, Jan Willem"]
[Result "0-1"]
[WhiteElo "1658"]
[BlackElo "2065"]
[PlyCount "114"]
[EventDate "1996.07.11"]
[EventType "swiss"]
[EventRounds "7"]
[EventCountry "NED"]
[Source "P.Boonen"]
[SourceDate "2010.01.01"]

1. e4 d6 2. d4 Nf6 3. Nc3 g6 4. Bg5 Bg7 5. Qd2 Nbd7 6. Bh6 Bxh6 7. Qxh6 c5 8.
Nf3 Qa5 9. O-O-O cxd4 10. Nxd4 a6 11. Nb3 Qc7 12. Be2 Nc5 13. Nxc5 Qxc5 14. Qd2
Be6 15. Qd4 Rc8 16. Qxc5 Rxc5 17. a3 O-O 18. f3 b5 19. Rd2 Rb8 20. Rhd1 a5 21.
a4 bxa4 22. Nxa4 Rc7 23. e5 dxe5 24. Rd8+ Rxd8 25. Rxd8+ Kg7 26. Ra8 Nd5 27.
Rxa5 Ne3 28. Bd3 Nxg2 29. Rxe5 Nf4 30. Nc5 Nxd3+ 31. Nxd3 Bf5 32. Kd2 Kf6 33.
Ra5 Rd7 34. Ra6+ e6 35. b4 Bxd3 36. cxd3 Ke5 37. b5 Kd5 38. Rc6 Rb7 39. Ke3 h5
40. f4 Rxb5 41. Rc7 Rb2 42. Rxf7 Rxh2 43. Rg7 Rg2 44. Kf3 Rg1 45. Ke3 Kd6 46.
Kd4 Rg3 47. Rh7 Rg4 48. Ke3 e5 49. f5 gxf5 50. Rxh5 Rg3+ 51. Kf2 f4 52. d4 e4
53. Rf5 e3+ 54. Ke2 Rg2+ 55. Kf3 Rf2+ 56. Kg4 e2 57. Re5 f3 0-1

[Event "Internationaal Jeugdtoernooi Limburg 2"]
[Site "Stein"]
[Date "1996.07.12"]
[Round "3"]
[White "Van Wissen, Michiel"]
[Black "Utama, Ivan"]
[Result "1-0"]
[WhiteElo "2138"]
[BlackElo "1934"]
[PlyCount "41"]
[EventDate "1996.07.11"]
[EventType "swiss"]
[EventRounds "7"]
[EventCountry "NED"]
[Source "P.Boonen"]
[SourceDate "2010.01.01"]

1. e4 e5 2. Nf3 Nf6 3. Nc3 Nc6 4. g3 d5 5. exd5 Nxd5 6. Bg2 Bg4 7. h3 Be6 8.
O-O Nxc3 9. bxc3 Qd7 10. Re1 f6 11. d4 O-O-O 12. Kh2 g5 13. Qe2 h5 14. Rb1 a6
15. dxe5 Bxa2 16. e6 Qd6 17. Ra1 Bd5 18. Ba3 Bxf3 19. Bxf3 Qd2 20. Bxc6 Qxe2
21. Bd7+ 1-0